000
00353nam a2200157Ia 4500
003
OSt
005
20240219114750.0
008
170524s9999 xx 000 0 und d
020
_a
978-1259002335
040
_c
IIMT UNIVERSITY
100
_a
THOMAS R L
100
_c
2011
245
0
_a
USING STATISTICS IN ECONOMICS
260
_a
TMH
942
_2
ddc
_c
01
999
_c
2932
_d
2932